000 03296cam a2200301 i 4500
001 15654
003 DO-SdUEMH
005 20260108181325.0
007 ta
008 211105s2007 dr a|||gri||| 001 0 spa|d
020 _a9789945020229
040 _aDO-SdUEMH
_bspa
_erda
041 _aspa
082 1 4 _mRD
_aRD 305.5627292052
_bA188d
084 _b09-00502
110 _a República Dominicana: Archivos General de Nación
245 1 0 _aActas de los primeros congresos obreros dominicanos, 1920-1922 /
_cEditor: Dantes Ortiz ; coeditor : Modesto Cuesta ; digitación y corrección : Clara Morillo y Rosa Figuereo ; presentación : Roberto Cassá
260 _c2007
264 0 1 _aSanto Domingo, República Dominicana :
_bArchivos General de Nación,
_c2007
300 _a137 páginas :
_bilustraciones ;
_c23 cm.
336 _2rdacontent
_atexto
_btxt
337 _2rdamedia
_asin mediación
_bn
338 _2rdacarrier
_avolumen
_bnc
490 _aArchivo General de la Nación ;
_v36
505 1 _aPresentación -- Actas del Primer Congreso Nacional Obrero, 15-29 de mayo de 1920 -- Congreso Nacional Obrero -- Acta del día 15 de mayo. Sesión inaugural -- Acta del día 16 de mayo -- Acta de la sesión del día 17 de mayo -- Acta de la sesión del día 18 de mayo en la mañana -- Acta de la sesión del día 18 de mayo en la tarde -- Acta de la sesión del día 19 de mayo en la mañana -- Acta de la sesión del día 19 de mayo en la tarde -- Acta de la sesión del día 20 de mayo en la mañana -- Acta de la sesión del día 20 de mayo en la tarde -- Acta de la sesión del día 21 de mayo en la mañana -- Acta de la sesión del día 21 de mayo en la tarde -- Acta de la sesión del día 22 de mayo en la mañana -- Acta de la sesión del día 22 de mayo en la tarde -- Acta de la sesión del día 23 de mayo en la mañana -- Acta de la sesión del día 24 de mayo en la mañana -- Acta de la sesión del día 24 de mayo en la tarde -- Acta de la sesión del día 25 de mayo en la mañana -- Acta de la sesión del día 26 de mayo en la tarde -- Acta de la sesión del día 27 de mayo en la mañana -- Acta de la sesión del día 27 de mayo en la tarde -- Acta de la sesión del día 28 de mayo en la mañana -- Acta de la sesión del día 28 de mayo en la tarde -- Orden de la sesión del día 29 de mayo en la mañana -- Acta de la sesión del día 29 de mayo en la tarde -- Actas del Segundo Congreso Nacional Obrero, 26 de enero-13 de febrero de 1922 -- Acta de la sesión del día 26 de enero en la noche -- Acta de la sesión del día 27 de enero en la noche -- Acta de la sesión del día 28 de enero en la noche -- Acta de la sesión del día 29 de enero -- Acta de la sesión del día 30 de enero -- Acta de la sesión del día 31 de enero -- Acta de la sesión del día 2 de febrero -- Acta de la sesión del día 4 de febrero -- Acta de la sesión del día 5 de febrero -- Acta de la sesión del día 7 de febrero -- Acta de la sesión del día 8 de febrero -- Acta de la sesión del día 9 de febrero -- Acta de la sesión del día 10 de febrero -- Acta de la sesión del día 12 de febrero -- Acta de la sesión del día 13 de febrero -- Anexo -- Constitución de la Confederación Dominicana del Trabajo -- Índice onomástico.
942 _2ddc
_cBK
_n0
999 _c15654
_d15654